[Event "SVK-chT2C 1718"]
[Site "Slovakia"]
[Date "2018.02.24"]
[Round "8.6"]
[White "Muhac, Lubomir"]
[Black "Vrchovsky, Viliam"]
[Result "0-1"]
[WhiteElo "1756"]
[BlackElo "1976"]
[PlyCount "63"]
[EventDate "2017.10.28"]
[EventType "team-tourn"]
[EventRounds "11"]
[EventCountry "SVK"]
[SourceTitle "EXT 2019"]
[Source "ChessBase"]
[SourceDate "2018.10.10"]
[SourceVersion "1"]
[SourceVersionDate "2018.10.10"]
[SourceQuality "1"]
[WhiteTeam "Ondrasova Krivan"]
[BlackTeam "Dunajov Inbest II"]
[WhiteTeamCountry "SVK"]
[BlackTeamCountry "SVK"]

1. d4 d5 2. Nf3 Nf6 3. e3 Bg4 4. c4 Bxf3 5. Qxf3 e6 6. Nc3 c6 7. cxd5 exd5 8. Bd3 Bb4 9. 0-0 0-0 10. Bd2 Nbd7 11. a3 Bd6 12. e4 dxe4 13. Nxe4 Nxe4 14. Qxe4 g6 15. f4 Nf6 16. Qf3 Qb6 17. Bc3 Nd5 18. f5 Rae8 19. Bc4 Qd8 20. Bd2 Qh4 21. Bf4 Bxf4 22. g3 Be3+ 23. Kg2 Qxd4 24. b3 Qb2+ 25. Kh3 Re5 26. fxg6 hxg6 27. Bxd5 cxd5 28. g4 Bg5 29. Rae1 Rxe1 30. Rxe1 Kg7 31. Re2 Qf6 32. Qxd5 0-1